Problems in heat engines / (Record no. 7104)
[ view plain ]
| 000 -LEADER | |
|---|---|
| fixed length control field | 00443cam a2200181ua 4500 |
| 041 ## - LANGUAGE CODE | |
| Language code of text/sound track or separate title | eng |
| 082 ## - DEWEY DECIMAL CLASSIFICATION NUMBER | |
| Classification number | 621.4 |
| Item number | RIC/PR |
| 100 ## - MAIN ENTRY--AUTHOR NAME | |
| Personal name | Richard, J . |
| 245 ## - TITLE STATEMENT | |
| Title | Problems in heat engines / |
| 260 ## - PUBLICATION, DISTRIBUTION, ETC. (IMPRINT) | |
| Place of publication | London : |
| Name of publisher | Edward Arnold Publications Ltd , |
| Year of publication | 1966. |
| 300 ## - PHYSICAL DESCRIPTION | |
| Number of Pages | 272 ; . |
| 942 ## - ADDED ENTRY ELEMENTS (KOHA) | |
| Koha item type | Books |
| Withdrawn status | Lost status | Damaged status | Home library | Current library | Date acquired | Full call number | Accession Number | Koha item type |
|---|---|---|---|---|---|---|---|---|
| KAUAET | KAUAET | 07/04/2012 | 621.4 | 12561 | Books | |||
| Withdrawn | Damaged | KAUAET | KAUAET | 07/04/2012 | 621.4 | 14656 | Books |
